Statistics for 2016 MLB teams by Starting Right Fielder

Click here to take the quiz!

General Stats

  • This quiz has been taken 68 times
  • The average score is 8 of 30

Answer Stats

MLB TeamsAnswer% Correct
Miami MarlinsGiancarlo Stanton
68%
Washington NationalsBryce Harper
64%
Chicago CubsJason Heyward
57%
Boston Red SoxMookie Betts
57%
Toronto Blue JaysJose Bautista
51%
New York YankeesAaron Judge
47%
Atlanta BravesNick Markakis
45%
San Francisco GiantsHunter Pence
38%
Detroit TigersJ.D Martinez
38%
Los Angeles Angels of AnaheimKole Calhoun
38%
Colorado RockiesCarlos Gonzalez
36%
Houston AstrosGeorge Springer
28%
Los Angeles DodgersJosh Reddick
28%
Baltimore OriolesMark Trumbo
26%
Arizona DiamondbacksDavid Peralta
25%
New York MetsCurtis Granderson
19%
Cleveland IndiansLonnie Chisenhall
19%
Texas RangersShin Soo Choo
17%
Chicago White SoxAvisail Garcia
15%
Tampa Bay RaysSteven Souza Jr.
13%
St. Louis CardinalsStephan Piscotty
11%
Kansas City RoyalsPaulo Orlando
9%
Seattle MarinersSeth Smith
6%
San Diego PadresHunter Renfroe
4%
Cincinnati RedsScott Schebler
4%
Milwaukee BrewersHernan Perez
2%
Minnesota TwinsMax Keplar
2%
Oakland AthleticsSam Fuld
2%
Philadelphia PhilliesAaron Altherr
0%
Pittsburgh PiratesGregory Polonco
0%

Score Distribution

Percentile by Number Answered

Percent of People with Each Score

Your Score History

You have not taken this quiz